| 000 | 00364nam a2200145Ia 4500 | ||
|---|---|---|---|
| 008 | 150201s2011 xx 000 0 und d | ||
| 082 |
_a616.0757 _bM11B |
||
| 100 | _aBHARGAVA , SATISH | ||
| 245 | _aMCQ IN RADIOLOGY : WITH ANSWERS & EXPLANTIONS | ||
| 250 | _a2ND | ||
| 260 |
_bJAYPEE _aDELHI _c2011 |
||
| 300 | _a1-377 | ||
| 650 | _aRADIOLOGY | ||
| 942 |
_2ddc _cBK _09 |
||
| 999 |
_c1659 _d1659 |
||